[Event "FIDE World Blitz 2013"]
[Site "Khanty-Mansiysk RUS"]
[Date "2013.06.10"]
[Round "25.14"]
[White "Artemiev, Vladislav"]
[Black "Zvjaginsev, Vadim"]
[Result "1/2-1/2"]
[WhiteTitle "IM"]
[BlackTitle "GM"]
[WhiteElo "2524"]
[BlackElo "2659"]
[WhiteFideId "24101605"]
[BlackFideId "4113403"]
[EventDate "2013.06.09"]

1. b3 c5 2. Bb2 Nc6 3. e3 d5 4. Nf3 a6 5. Be2 Nf6 6. O-O e6 7. d4 cxd4 8. Nxd4
Bd7 9. Nf3 Be7 10. Nbd2 O-O 11. c4 Rc8 12. a3 h6 13. b4 Re8 14. Rc1 Bd6 15. Nb3
Qe7 16. cxd5 exd5 17. Nc5 Bg4 18. Bxf6 Qxf6 19. Nxb7 Bb8 20. Nc5 a5 21. Nd3 axb4
22. axb4 Qd6 23. g3 Nxb4 24. Rxc8 Bxc8 25. Nxb4 Qxb4 26. Qxd5 Bb7 27. Qd4 Qxd4
28. Nxd4 Be5 29. Bf3 Ba6 30. Be2 Bb7 31. Nf3 Bf6 32. Rd1 Rd8 33. Rxd8+ Bxd8 34.
Nd2 Ba5 35. Nc4 Bb4 36. Nb6 Ba5 37. Nd7 Bb4 38. Ne5 Bd6 39. Nc4 Bc5 40. Nb2 g5
41. Bc4 Be4 42. Bd3 Ba3 43. Nc4 Bxd3 44. Nxa3 g4 45. f3 gxf3 46. Kf2 f5 47. Kxf3
Kf7 1/2-1/2

[Event "FIDE World Blitz 2013"]
[Site "Khanty-Mansiysk RUS"]
[Date "2013.06.10"]
[Round "25.17"]
[White "Frolyanov, Dmitry"]
[Black "Riazantsev, Alexander"]
[Result "0-1"]
[WhiteTitle "GM"]
[BlackTitle "GM"]
[WhiteElo "2570"]
[BlackElo "2708"]
[WhiteFideId "4151976"]
[BlackFideId "4125029"]
[EventDate "2013.06.09"]

1. e4 c6 2. d4 d5 3. exd5 cxd5 4. c4 Nf6 5. Nc3 Nc6 6. Bg5 dxc4 7. Bxc4 h6 8.
Be3 e6 9. Nf3 Bd6 10. O-O O-O 11. a3 Ne7 12. Ne5 Bd7 13. Qf3 Bxe5 14. dxe5 Bc6
15. Qh3 Nfd5 16. Bc5 Nxc3 17. bxc3 Re8 18. Rad1 Qc8 19. Bxe7 Rxe7 20. Bd3 Rd7
21. Bc2 Bd5 22. Qd3 g6 23. Qe3 Kg7 24. h4 Rc7 25. Qf4 Qd8 26. h5 g5 27. Qd4 Rac8
28. Qd3 Qg8 29. Bb1 Rxc3 30. Qd2 Kh8 31. f4 gxf4 32. Rxf4 Rg3 33. Rg4 Rxg2+ 34.
Rxg2 Qxg2+ 35. Qxg2 Bxg2 36. Kxg2 Rc5 37. Rd7 Kg8 38. Rxb7 Ra5 39. Kf3 Rxa3+ 40.
Kf4 Ra4+ 41. Be4 a5 42. Ra7 Ra1 43. Bc6 Kf8 44. Ra8+ Kg7 45. Be8 Kf8 46. Ba4+
Kg7 47. Rxa5 Rf1+ 48. Ke4 Rh1 49. Ra7 Rxh5 50. Bd7 Kf8 51. Ra3 Rh4+ 0-1

[Event "FIDE World Blitz 2013"]
[Site "Khanty-Mansiysk RUS"]
[Date "2013.06.10"]
[Round "25.18"]
[White "Popov, Ivan RUS"]
[Black "Gundavaa, Bayarsaikhan"]
[Result "0-1"]
[WhiteTitle "GM"]
[BlackTitle "GM"]
[WhiteElo "2632"]
[BlackElo "2516"]
[WhiteFideId "4170350"]
[BlackFideId "4901045"]
[EventDate "2013.06.09"]

1. e4 c5 2. Nf3 d6 3. d4 cxd4 4. Nxd4 Nf6 5. Nc3 a6 6. Be2 e5 7. Nb3 Be7 8. Bg5
Be6 9. Bxf6 Bxf6 10. Qd3 O-O 11. O-O-O Nc6 12. Qxd6 Nd4 13. Qxd8 Rfxd8 14. Nc5
Nxe2+ 15. Nxe2 Bxa2 16. b3 Be7 17. Na4 b5 18. Nb2 Bg5+ 19. f4 exf4 20. h4 Bh6
21. Rxd8+ Rxd8 22. Nd3 f3+ 23. Kb2 fxe2 24. Re1 Bxb3 25. Kxb3 f6 26. Rxe2 Kf7
27. e5 Rd4 28. g3 a5 29. exf6 gxf6 30. Nc5 Rb4+ 31. Ka2 Rg4 32. Ne4 Bf8 33. Re3
h6 34. c3 a4 35. Nf2 Rc4 36. Ne4 f5 37. Nd2 Rg4 38. Nf3 Bg7 39. Ne5+ Bxe5 40.
Rxe5 Kf6 41. Rxb5 Rxg3 42. Rb6+ Ke5 43. Rxh6 Rxc3 44. Rh8 Rh3 45. h5 Kf6 46. h6
Kg6 47. Rg8+ Kh7 48. Rf8 Kg6 49. Rg8+ Kf7 50. Rh8 f4 51. Kb2 f3 52. h7 f2 0-1

[Event "FIDE World Blitz 2013"]
[Site "Khanty-Mansiysk RUS"]
[Date "2013.06.10"]
[Round "25.19"]
[White "Khairullin, Ildar"]
[Black "Ghaem Maghami, Ehsan"]
[Result "1/2-1/2"]
[WhiteTitle "GM"]
[BlackTitle "GM"]
[WhiteElo "2658"]
[BlackElo "2554"]
[WhiteFideId "4151348"]
[BlackFideId "12500739"]
[EventDate "2013.06.09"]

1. Nf3 c5 2. g3 Nc6 3. d4 cxd4 4. Nxd4 g6 5. Bg2 Bg7 6. Nb3 d6 7. O-O Be6 8. e4
Qd7 9. Nc3 Bh3 10. Nd5 Bxg2 11. Kxg2 e6 12. Ne3 Nf6 13. Qd3 O-O 14. Nc4 d5 15.
exd5 Nb4 16. Qe2 Qxd5+ 17. f3 Rac8 18. Ne3 Qe5 19. c3 Nbd5 20. Re1 b6 21. Nxd5
Qxe2+ 22. Rxe2 Nxd5 23. a4 h6 24. Bd2 Rfd8 25. Be1 a6 26. Bf2 Rc4 27. Nd4 Rdc8
28. Rd2 h5 29. f4 Rb8 30. Ra3 b5 31. axb5 axb5 32. Rb3 b4 33. Nf3 Rb7 34. Rc2
Rbc7 35. Nd2 R4c6 36. c4 Rb7 37. Rd3 Ne7 38. Nb3 Rbc7 39. c5 Nd5 40. Na5 Ra6 41.
Nc4 Ra2 42. Rb3 Bf8 43. Ne5 Ra5 44. Nd3 Rb5 45. Rc4 Be7 46. Kf3 Kf8 47. Ke4 1/2-1/2

[Event "FIDE World Blitz 2013"]
[Site "Khanty-Mansiysk RUS"]
[Date "2013.06.10"]
[Round "25.21"]
[White "Potkin, Vladimir"]
[Black "Pridorozhni, Aleksei"]
[Result "0-1"]
[WhiteTitle "GM"]
[BlackTitle "GM"]
[WhiteElo "2647"]
[BlackElo "2512"]
[WhiteFideId "4131061"]
[BlackFideId "4127870"]
[EventDate "2013.06.09"]

1. d4 d6 2. g3 Nf6 3. Bg2 g6 4. Nf3 Bg7 5. O-O O-O 6. c4 c6 7. Nc3 Qb6 8. e3 Bg4
9. h3 Bxf3 10. Bxf3 Nbd7 11. Bg2 e5 12. d5 cxd5 13. Nxd5 Nxd5 14. Qxd5 Nc5 15.
Rd1 Rfd8 16. Rb1 a5 17. b3 Rab8 18. Bd2 Qc7 19. Be1 b6 20. h4 Bf8 21. h5 Nd7 22.
hxg6 hxg6 23. Rd3 Nf6 24. Qb5 Re8 25. Rbd1 e4 26. Rd4 Re5 27. Qa4 Rbe8 28. b4
Nd7 29. a3 axb4 30. axb4 f5 31. Ra1 R5e7 32. Qb3 Kh7 33. Rad1 Re6 34. Bc3 Ne5
35. Ra1 R6e7 36. Ra6 Rc8 37. Rd1 Qxc4 38. Qxc4 Nxc4 39. Bd4 Rb7 40. b5 d5 41.
Bf1 Bc5 42. Bf6 Rf7 43. Ba1 Nd6 44. Rxd5 g5 45. Be5 Ne8 46. Kg2 Nf6 47. Bxf6
Rxf6 48. Ra1 Kg6 49. Rad1 f4 50. gxf4 gxf4 51. exf4 Rxf4 52. R1d2 Rcf8 53. Kg3
Bxf2+ 54. Kg2 Be3 55. Rd6+ Kg7 56. Rd7+ Kg8 57. Bc4+ Kh8 58. Re2 Bc5 59. Kg3
Bf2+ 60. Kg2 e3 61. Re7 Rxc4 0-1

[Event "FIDE World Blitz 2013"]
[Site "Khanty-Mansiysk RUS"]
[Date "2013.06.10"]
[Round "25.22"]
[White "Pasiev, Rakhim"]
[Black "Kurnosov, Igor"]
[Result "0-1"]
[WhiteTitle "IM"]
[BlackTitle "GM"]
[WhiteElo "2384"]
[BlackElo "2657"]
[WhiteFideId "24122475"]
[BlackFideId "4142527"]
[EventDate "2013.06.09"]

1. d4 Nf6 2. Nc3 d5 3. Bg5 Nbd7 4. f3 h6 5. Bh4 e6 6. e4 dxe4 7. fxe4 Be7 8. Qf3
c5 9. O-O-O cxd4 10. Rxd4 Qa5 11. Bb5 a6 12. Bxd7+ Bxd7 13. Nge2 Bc6 14. Rhd1
O-O 15. Bg3 b5 16. Bd6 Bxd6 17. Rxd6 Bb7 18. a3 b4 19. axb4 Qxb4 20. R1d4 Qa5
21. Kb1 Rfc8 22. Qe3 Ng4 23. Qd2 Ne5 24. b3 Qc7 25. Kb2 Bc6 26. Qf4 Ng6 27. Qg3
a5 28. e5 a4 29. b4 a3+ 30. Ka1 Bd5 31. Rg4 h5 32. Rg5 Qc4 33. Qe3 Qxb4 34. Rb6
Qc4 35. Qd4 Qc7 36. Rb4 Rcb8 37. Rxb8+ Rxb8 38. Nxd5 exd5 39. Nc3 Qb7 0-1

[Event "FIDE World Blitz 2013"]
[Site "Khanty-Mansiysk RUS"]
[Date "2013.06.10"]
[Round "25.23"]
[White "Salem, A.R. Saleh"]
[Black "Rakhmanov, Aleksandr"]
[Result "0-1"]
[WhiteTitle "GM"]
[BlackTitle "GM"]
[WhiteElo "2531"]
[BlackElo "2602"]
[WhiteFideId "9301348"]
[BlackFideId "4173708"]
[EventDate "2013.06.09"]

1. d4 e6 2. e4 d5 3. Nc3 Nf6 4. e5 Nfd7 5. f4 c5 6. Nf3 Nc6 7. Be3 cxd4 8. Nxd4
Bc5 9. Qd2 Bxd4 10. Bxd4 Nxd4 11. Qxd4 Qb6 12. O-O-O Qxd4 13. Rxd4 Ke7 14. Be2
Nb8 15. Rd2 Nc6 16. Nb5 Bd7 17. Re1 Nb4 18. a3 Bxb5 19. Bxb5 Nc6 20. Re3 Rhc8
21. g3 Na5 22. b3 a6 23. Bf1 Rc7 24. Kb2 Nc6 25. h4 h5 26. c4 dxc4 27. Bxc4 Rd8
28. Rxd8 Nxd8 29. Be2 g6 30. Bf3 Nc6 31. Rc3 Kd7 32. Rd3+ Kc8 33. b4 Ne7 34. Kb3
Rc1 35. Kb2 Rg1 36. Bxb7+ Kxb7 37. Rd7+ Kc6 38. Rxe7 Rxg3 39. Rxf7 Rg4 40. Rf6
Kd5 41. Kb3 Rxh4 42. Rxg6 Rxf4 43. Rh6 Rf3+ 44. Ka4 Rh3 45. Rh8 h4 46. Rh5 Ke4
47. b5 axb5+ 48. Kb4 Kd5 49. Kxb5 Rxa3 50. Rxh4 Rb3+ 51. Ka4 Re3 52. Kb4 Re4+
53. Rxe4 Kxe4 54. Kc3 Kxe5 55. Kd3 Kf4 56. Kd2 Kf3 57. Kd1 Ke3 58. Ke1 e5 59.
Kf1 Kd2 0-1

[Event "FIDE World Blitz 2013"]
[Site "Khanty-Mansiysk RUS"]
[Date "2013.06.10"]
[Round "25.24"]
[White "Nadanian, Ashot"]
[Black "Kobalia, Mikhail"]
[Result "1-0"]
[WhiteTitle "IM"]
[BlackTitle "GM"]
[WhiteElo "2428"]
[BlackElo "2651"]
[WhiteFideId "13300393"]
[BlackFideId "4119150"]
[EventDate "2013.06.09"]

1. b4 d5 2. Bb2 Nf6 3. Nf3 Bg4 4. e3 Nbd7 5. Be2 e6 6. b5 Bd6 7. h3 Bh5 8. O-O
O-O 9. a4 e5 10. c4 dxc4 11. Na3 e4 12. Nd4 Bxe2 13. Qxe2 Ne5 14. Nxc4 Nd3 15.
Bc3 Nd5 16. Nf5 Nxc3 17. dxc3 Qf6 18. Ncxd6 cxd6 19. Qg4 d5 20. f3 Ne5 21. Qf4
exf3 22. gxf3 Rfe8 23. Ra2 Ng6 24. Qg4 Re5 25. e4 Rae8 26. Raf2 Ne7 27. f4 Rxe4
28. Ng3 Re3 29. f5 h6 30. h4 Qe5 31. Rg2 Kh8 32. f6 Ng6 33. h5 Nf8 34. Qxg7# 1-0

[Event "FIDE World Blitz 2013"]
[Site "Khanty-Mansiysk RUS"]
[Date "2013.06.10"]
[Round "25.25"]
[White "Ram, S. Krishnan"]
[Black "Lagno, Kateryna"]
[Result "1-0"]
[BlackTitle "GM"]
[WhiteElo "2248"]
[BlackElo "2542"]
[WhiteFideId "5010519"]
[BlackFideId "14109336"]
[EventDate "2013.06.09"]

1. Nf3 g6 2. e4 d6 3. d4 Nf6 4. Nc3 Bg7 5. h3 a6 6. a4 O-O 7. Be2 b6 8. O-O Bb7
9. e5 Ne4 10. Nxe4 Bxe4 11. Ng5 Bb7 12. e6 f6 13. Nf7 Qc8 14. d5 c6 15. c4 b5
16. axb5 axb5 17. Rxa8 Bxa8 18. b3 bxc4 19. bxc4 cxd5 20. cxd5 Na6 21. Bf3 Qc4
22. Qd2 Nb4 23. Rd1 Rc8 24. Ba3 Nc2 25. Bxd6 Bf8 26. Bg3 Re8 27. Rc1 Rc8 28. d6
exd6 29. Bxa8 Rxa8 30. Rxc2 Qxe6 31. Nh6+ Kh8 32. Rc7 d5 33. Qd4 Bg7 34. Ng4 h5
35. Ne3 Rd8 36. Rc5 f5 37. Qd2 d4 38. Nc4 d3 39. Be5 Bxe5 40. Nxe5 Kg7 41. Nxd3
Qd6 42. Qc3+ Kh6 43. Ne5 Qd1+ 44. Kh2 Re8 45. Qe3+ Kg7 46. Rc7+ Kf6 47. f4 Qd6
48. Rf7+ Ke6 49. Rg7 Kf6 50. Rxg6+ 1-0

[Event "FIDE World Blitz 2013"]
[Site "Khanty-Mansiysk RUS"]
[Date "2013.06.10"]
[Round "25.27"]
[White "Byambaa, Zulzaga"]
[Black "Skatchkov, Pavel"]
[Result "1/2-1/2"]
[WhiteTitle "FM"]
[BlackTitle "GM"]
[WhiteElo "2285"]
[BlackElo "2486"]
[WhiteFideId "4900642"]
[BlackFideId "4121848"]
[EventDate "2013.06.09"]

1. e4 e5 2. Nf3 d5 3. d3 dxe4 4. dxe4 Qxd1+ 5. Kxd1 Nc6 6. c3 Nf6 7. Nbd2 Bc5 8.
Ke2 Be6 9. h3 O-O-O 10. b4 Bb6 11. a4 a6 12. Ng5 Rhe8 13. Nxe6 Rxe6 14. Ke1 Red6
15. Be2 Kb8 16. f3 Ne7 17. Nc4 Re6 18. Nxb6 Rxb6 19. b5 Ng6 20. Bc4 a5 21. Be3
Rbd6 22. Ke2 Nh5 23. Kf2 Nhf4 24. Bxf7 Rd2+ 25. Bxd2 Rxd2+ 26. Ke1 Rxg2 27. Bxg6
hxg6 28. Rd1 Kc8 29. Kf1 Rc2 30. Rg1 Rxc3 31. Rg3 Ra3 32. h4 Rxa4 33. h5 gxh5
34. Rxg7 b6 35. Rc1 Ne6 36. Re7 Nc5 37. Rxe5 Nd3 38. Re8+ Kd7 39. Rd1 Kxe8 40.
Rxd3 Rb4 41. Rd5 a4 42. Rxh5 a3 43. Rh8+ Ke7 44. Ra8 Rb3 45. Kf2 Kd6 46. f4 Kc5
47. e5 Kd5 48. Ra7 Ke4 49. e6 Kxf4 50. Rxc7 Rxb5 51. Ra7 Rb2+ 52. Ke1 Rb3 53.
Ra4+ Kf5 54. e7 Re3+ 55. Kd2 Rxe7 56. Rxa3 Rc7 57. Rc3 Rh7 58. Kc2 Ke5 59. Kb3
Kd5 60. Kb4 Rh1 61. Kb5 Rb1+ 62. Ka4 b5+ 63. Ka5 b4 64. Rc8 Kd6 65. Ka4 Kd5 66.
Rc7 Kd4 67. Rc8 Kd3 68. Rc7 Rb2 69. Rc8 Kd2 70. Rc7 Rb1 71. Rc8 b3 72. Ka3 b2
73. Ka2 Rc1 74. Rd8+ Kc2 75. Rc8+ Kd2 76. Rd8+ 1/2-1/2

[Event "FIDE World Blitz 2013"]
[Site "Khanty-Mansiysk RUS"]
[Date "2013.06.10"]
[Round "25.28"]
[White "Kabanov, Nikolai"]
[Black "Potapov, Pavel"]
[Result "1/2-1/2"]
[WhiteTitle "GM"]
[BlackTitle "IM"]
[WhiteElo "2472"]
[BlackElo "2460"]
[WhiteFideId "4127820"]
[BlackFideId "4169786"]
[EventDate "2013.06.09"]

1. e4 c5 2. Nf3 Nc6 3. Bb5 g6 4. O-O Bg7 5. Re1 Nf6 6. e5 Nd5 7. Nc3 Nc7 8. Bxc6
dxc6 9. d3 b6 10. h3 O-O 11. Qe2 Nd5 12. Ne4 f5 13. Ned2 h6 14. a4 Be6 15. a5
Qc7 16. Nc4 f4 17. Nh4 g5 18. Nf3 Qd7 19. axb6 axb6 20. Bd2 g4 21. hxg4 Bxg4 22.
e6 Qc7 23. Nce5 Bxe5 24. Qxe5 Bxf3 25. Qxc7 Nxc7 26. Rxa8 Rxa8 27. gxf3 Rf8 28.
Re4 Rf6 29. Rxf4 Rxe6 30. Re4 Rg6+ 31. Kf1 e6 32. Ra4 Nd5 33. c4 Ne7 34. Ra6 h5
35. Rxb6 h4 36. Bf4 h3 37. Rb7 Nf5 38. Be5 Nd4 39. Rb8+ Kf7 40. Bxd4 h2 41. Rh8
Rg1+ 42. Ke2 h1=Q 43. Rxh1 Rxh1 44. Bxc5 e5 45. b4 Rb1 46. Ke3 Re1+ 47. Kd2 Rb1
48. Ke3 Re1+ 49. Kd2 Rb1 50. Kc2 Re1 51. b5 cxb5 52. cxb5 Ke6 53. b6 Kd7 54. Kb3
Rb1+ 55. Kc4 Kc6 56. Be3 Rb5 57. d4 exd4 58. Bxd4 Rf5 59. Kd3 Rxf3+ 60. Ke4 Rf7
61. f4 Re7+ 62. Kf5 Rd7 63. Bf2 Rd2 64. Be3 Rd8 65. Ke4 Re8+ 66. Kf3 Rf8 67. Bf2
Kd5 68. Be1 Kc6 69. Bf2 Kd5 70. Kg4 Ke4 71. Bg3 Rg8+ 72. Kh3 Rb8 73. Kg4 Rxb6
74. Bh4 1/2-1/2

[Event "FIDE World Blitz 2013"]
[Site "Khanty-Mansiysk RUS"]
[Date "2013.06.10"]
[Round "25.29"]
[White "Sibriaev, Aleksandr"]
[Black "Bezgodov, Alexei"]
[Result "0-1"]
[WhiteTitle "FM"]
[BlackTitle "GM"]
[WhiteElo "2239"]
[BlackElo "2482"]
[WhiteFideId "4116070"]
[BlackFideId "4105257"]
[EventDate "2013.06.09"]

1. Nf3 d5 2. d4 Bf5 3. g3 c6 4. Bg2 Nf6 5. O-O e6 6. b3 Bd6 7. c4 Nbd7 8. Nc3 h6
9. Bb2 O-O 10. Re1 a5 11. e3 Ne4 12. Nxe4 Bxe4 13. Nd2 Bxg2 14. Kxg2 f5 15. a3
Nf6 16. Qe2 Ne4 17. f3 Nxd2 18. Qxd2 b5 19. cxb5 cxb5 20. e4 fxe4 21. fxe4 Qd7
22. Re2 a4 23. Qd3 axb3 24. Qxb3 Qb7 25. exd5 Qxd5+ 26. Qxd5 exd5 27. Re6 Rf6
28. Rxf6 gxf6 29. g4 Kf7 30. h3 Ra4 31. Kf3 Kg6 32. Ke3 Kg5 33. Kf3 Kg6 34. Ke3
h5 35. gxh5+ Kxh5 36. Kf3 f5 37. Ke3 Rc4 38. Rf1 f4+ 39. Kd3 Kh4 40. Rf3 Ra4 41.
Kc2 Kg5 42. Kb3 Kf5 43. Rf1 Ra8 44. Kc2 Rh8 45. Rh1 f3 46. Kd3 Kf4 47. Bc3 f2
48. Ke2 Kg3 49. Kf1 Kf3 50. h4 Rc8 51. h5 Rxc3 52. Rh3+ Bg3 0-1

[Event "FIDE World Blitz 2013"]
[Site "Khanty-Mansiysk RUS"]
[Date "2013.06.10"]
[Round "25.30"]
[White "Akbaev, Kazbek"]
[Black "Gordievsky, Dmitry"]
[Result "0-1"]
[WhiteTitle "IM"]
[BlackTitle "FM"]
[WhiteElo "2475"]
[BlackElo "2474"]
[WhiteFideId "4131045"]
[BlackFideId "24112798"]
[EventDate "2013.06.09"]

1. f4 b6 2. Nf3 Bb7 3. e3 g6 4. d4 Bg7 5. Bd3 Nf6 6. Nbd2 O-O 7. O-O d6 8. c3
Nbd7 9. h3 c5 10. Qe2 Qc7 11. e4 cxd4 12. cxd4 e5 13. fxe5 dxe5 14. d5 Nh5 15.
Qf2 Nc5 16. Bb1 Ba6 17. Re1 Nf4 18. Nb3 Ncd3 19. Bxd3 Nxd3 20. Qf1 Nxe1 21. Qxa6
Nxf3+ 22. gxf3 f5 23. Qd3 fxe4 24. fxe4 Qd7 25. Bd2 a5 26. Rc1 a4 27. Na1 Rac8
28. Re1 Rf7 29. Bb4 Bf8 30. Bc3 Bc5+ 31. Kh1 Rcf8 32. Nc2 Rf3 0-1

[Event "FIDE World Blitz 2013"]
[Site "Khanty-Mansiysk RUS"]
[Date "2013.06.10"]
[Round "26.5"]
[White "Khismatullin, Denis"]
[Black "Nguyen, Ngoc Truong Son"]
[Result "0-1"]
[WhiteTitle "GM"]
[BlackTitle "GM"]
[WhiteElo "2658"]
[BlackElo "2625"]
[WhiteFideId "4142578"]
[BlackFideId "12401110"]
[EventDate "2013.06.09"]

1. Nf3 Nf6 2. c4 c6 3. Nc3 d5 4. e3 a6 5. d4 Bf5 6. Qb3 Ra7 7. Nh4 Bg6 8. Nxg6
hxg6 9. Bd2 e6 10. g3 Nbd7 11. Bg2 Nb6 12. c5 Nc4 13. Bc1 b6 14. cxb6 Qxb6 15.
Qc2 c5 16. b3 cxd4 17. bxc4 dxc3 18. Rb1 Qc7 19. Qa4+ Nd7 20. cxd5 exd5 21. O-O
Be7 22. Ba3 Bxa3 23. Qxa3 c2 24. Rbc1 Qc5 25. Qxc5 Nxc5 26. Rxc2 Ne6 27. Rc8+
Nd8 28. Bxd5 Ke7 29. Rfc1 Rh5 30. e4 Ne6 31. Kg2 g5 32. Rb8 Rh6 33. Rcc8 Nc7 34.
Bb3 Rc6 35. Rf8 Ne6 36. e5 Nxf8 37. Kf3 Nd7 38. Rg8 Nxe5+ 39. Ke4 Kf6 40. h4
gxh4 41. f4 Ng6 42. g4 Re7+ 43. Kd5 Rec7 44. Ke4 Rc4+ 45. Bxc4 Rxc4+ 0-1

[Event "FIDE World Blitz 2013"]
[Site "Khanty-Mansiysk RUS"]
[Date "2013.06.10"]
[Round "26.6"]
[White "Safarli, Eltaj"]
[Black "Andreikin, Dmitry"]
[Result "1/2-1/2"]
[WhiteTitle "GM"]
[BlackTitle "GM"]
[WhiteElo "2660"]
[BlackElo "2713"]
[WhiteFideId "13402129"]
[BlackFideId "4158814"]
[EventDate "2013.06.09"]

1. e4 c6 2. d4 d5 3. exd5 cxd5 4. c4 Nf6 5. Nc3 Nc6 6. Bg5 e6 7. cxd5 exd5 8.
Nf3 Bb4 9. Be2 h6 10. Bxf6 Qxf6 11. O-O Bxc3 12. bxc3 O-O 13. Qb3 Qd6 14. Rfe1
b6 15. Bd3 Be6 16. Re3 Rac8 17. Rae1 Rfe8 18. h3 Bd7 19. Ba6 Rxe3 20. Rxe3 Re8
21. Rxe8+ Bxe8 22. Qb2 Bd7 23. Bd3 Qf4 24. Qd2 Qxd2 1/2-1/2

[Event "FIDE World Blitz 2013"]
[Site "Khanty-Mansiysk RUS"]
[Date "2013.06.10"]
[Round "26.10"]
[White "Akopian, Vladimir"]
[Black "Vitiugov, Nikita"]
[Result "0-1"]
[WhiteTitle "GM"]
[BlackTitle "GM"]
[WhiteElo "2691"]
[BlackElo "2734"]
[WhiteFideId "13300032"]
[BlackFideId "4152956"]
[EventDate "2013.06.09"]

1. e4 c5 2. Nf3 e6 3. b3 a6 4. Bb2 Nc6 5. c4 Nf6 6. e5 Ng4 7. h3 Nh6 8. Nc3 Nf5
9. Ne4 Qc7 10. Bd3 Be7 11. O-O b6 12. Re1 Nfd4 13. Nxd4 Nxd4 14. Bxd4 cxd4 15.
Qf3 Bb7 16. Qg3 g6 17. Nd6+ Bxd6 18. exd6 Qc5 19. a3 a5 20. Rab1 Qxa3 21. b4
axb4 22. Qh4 O-O 23. Qxd4 b3 24. Qxb6 Bc6 25. Rxb3 Qxd6 26. Qe3 Rfb8 27. Rxb8+
Rxb8 28. Bf1 Rb2 29. d3 Qb4 30. Ra1 Qd6 31. Re1 Qb8 32. h4 Qb6 33. c5 Qb4 34. h5
Qd2 35. hxg6 hxg6 36. Qxd2 Rxd2 37. Rb1 Kg7 38. Rb4 f5 39. Rb1 Kf6 40. Re1 g5
41. g3 f4 42. gxf4 gxf4 43. Rc1 Ke5 44. Rc4 Bd5 45. Rc1 Kd4 46. Ra1 Bc6 47. Rc1
Bd5 48. Re1 Kxc5 49. Ra1 Kd4 50. Ra7 d6 51. Ra6 Ke5 52. Ra1 Bf3 53. Re1+ Kf6 54.
Bh3 e5 55. Bf1 Ke6 56. Bh3+ Kd5 57. Bf1 Kd4 58. Ra1 Rd1 59. Ra4+ Kc5 60. Rc4+
Kb6 61. Rc2 Ka5 62. Rb2 Ka4 63. Rb6 Be2 64. Rxd6 f3 65. Re6 Rxf1+ 66. Kh2 Rxf2+
67. Kh3 Rg2 68. Rxe5 Rg8 69. Rf5 Kb4 70. d4 Kc4 71. d5 Kd4 72. d6 Ke4 73. Rf7
Ke3 74. d7 f2 75. Re7+ Kd2 76. Kh2 Rd8 77. Re8 0-1

[Event "FIDE World Blitz 2013"]
[Site "Khanty-Mansiysk RUS"]
[Date "2013.06.10"]
[Round "26.12"]
[White "Grachev, Boris"]
[Black "Ponkratov, Pavel"]
[Result "0-1"]
[WhiteTitle "GM"]
[BlackTitle "GM"]
[WhiteElo "2683"]
[BlackElo "2605"]
[WhiteFideId "4129199"]
[BlackFideId "4157800"]
[EventDate "2013.06.09"]

1. d4 Nf6 2. Nf3 d5 3. Bf4 c5 4. e3 Nc6 5. c3 e6 6. Nbd2 Bd6 7. Bg3 Qe7 8. Bd3
O-O 9. Ne5 Nd7 10. Nxd7 Bxd7 11. Bxd6 Qxd6 12. dxc5 Qe7 13. b4 b6 14. cxb6 axb6
15. O-O Rfc8 16. a3 Qf6 17. Qc2 Ne5 18. Rfc1 Ba4 19. Qb1 h5 20. Bf1 Ng4 21. Nf3
Rxc3 22. h3 Rb3 23. Qc2 Rb2 24. Qc7 Nxf2 25. Qb7 Re8 26. Rc8 Nxh3+ 27. Kh1 Nf2+
28. Kg1 Ng4 29. Rac1 Qh6 30. Qxb6 Qxe3+ 31. Qxe3 Nxe3 32. Rxe8+ Bxe8 33. Rc8 Rb1
34. Rxe8+ Kh7 35. Kf2 Nxf1 36. b5 h4 37. a4 Ng3 38. Ne5 d4 39. Kf3 f5 40. Kf4
Ne4 41. Nf3 d3 42. Rd8 Rb4 43. Ke5 Rxa4 44. Rxd3 Rb4 45. Nd4 Nf2 46. Rd2 Ne4 47.
Rd3 Rb2 48. Rb3 Rxb3 49. Nxb3 Nf6 50. Kxe6 f4 51. Nd4 Ne4 52. b6 Nc5+ 53. Kf5
Kh6 54. Kxf4 Kh5 55. Kf5 g5 56. Ne6 Nb7 57. Nxg5 Nd6+ 58. Kf6 Kg4 59. Nf3 h3 60.
Ne5+ Kg3 61. gxh3 Kxh3 62. Ke6 Nb7 63. Kd7 Kg3 64. Kc7 Nc5 65. Kc6 Ne6 66. Kd6
Nd8 67. Kd7 Nb7 68. Kc6 Nd8+ 69. Kd5 Kf4 70. Nf7 Nb7 71. Nd6 Nd8 72. Nf7 Nb7 73.
Kc6 Na5+ 74. Kc7 Ke4 75. Nd6+ Kd5 76. Nb5 0-1

[Event "FIDE World Blitz 2013"]
[Site "Khanty-Mansiysk RUS"]
[Date "2013.06.10"]
[Round "26.14"]
[White "Zvjaginsev, Vadim"]
[Black "Artemiev, Vladislav"]
[Result "1-0"]
[WhiteTitle "GM"]
[BlackTitle "IM"]
[WhiteElo "2659"]
[BlackElo "2524"]
[WhiteFideId "4113403"]
[BlackFideId "24101605"]
[EventDate "2013.06.09"]

1. c4 e5 2. Nc3 Nf6 3. g3 Bb4 4. Nf3 Bxc3 5. bxc3 d6 6. Bg2 O-O 7. O-O Nc6 8. d3
h6 9. e4 Be6 10. Ne1 Nd7 11. Nc2 f5 12. exf5 Bxf5 13. Ne3 Bg6 14. Ba3 Kh8 15.
Rb1 Rb8 16. Kh1 Nb6 17. Rb2 Qe8 18. c5 dxc5 19. Bxc5 Rf6 20. f4 exf4 21. Bxb6
fxe3 22. Rxf6 gxf6 23. Bxc7 Rc8 24. Bf4 Ne5 25. Bxe3 Nxd3 26. Re2 Bh5 27. Qxd3
Bxe2 28. Qd4 Qe5 29. Bxb7 Qxd4 30. Bxd4 Rf8 31. a4 a6 32. Kg2 Kg7 33. Kf2 Bc4
34. g4 Rb8 35. Be4 Rb2+ 36. Kg3 Ra2 37. h4 Kf7 38. Bc6 Bb3 39. Kf4 Ra1 40. h5
Bxa4 41. Bd5+ Kg7 42. c4 Rd1 43. Ke3 Bd7 44. Bf3 a5 45. Bxd1 1-0

[Event "FIDE World Blitz 2013"]
[Site "Khanty-Mansiysk RUS"]
[Date "2013.06.10"]
[Round "26.17"]
[White "Riazantsev, Alexander"]
[Black "Frolyanov, Dmitry"]
[Result "1-0"]
[WhiteTitle "GM"]
[BlackTitle "GM"]
[WhiteElo "2708"]
[BlackElo "2570"]
[WhiteFideId "4125029"]
[BlackFideId "4151976"]
[EventDate "2013.06.09"]

1. Nf3 d5 2. e3 Nf6 3. c4 e6 4. b3 c5 5. Bb2 Nc6 6. cxd5 exd5 7. Bb5 Be7 8. O-O
O-O 9. d4 Bg4 10. dxc5 Bxc5 11. Nbd2 Rc8 12. h3 Bh5 13. a3 a6 14. Be2 d4 15.
Nxd4 Bxd4 16. exd4 Bxe2 17. Qxe2 Nxd4 18. Qd1 Re8 19. Nc4 Ne2+ 20. Kh1 b5 21.
Nd6 Ne4 22. Nxe8 Qxe8 23. Qd3 Rd8 24. Qf3 Rd2 25. Rad1 h5 26. Ba1 h4 27. Rfe1
Ra2 28. Bd4 Qe6 29. Be3 N4c3 30. Rd8+ 1-0

[Event "FIDE World Blitz 2013"]
[Site "Khanty-Mansiysk RUS"]
[Date "2013.06.10"]
[Round "26.19"]
[White "Ghaem Maghami, Ehsan"]
[Black "Khairullin, Ildar"]
[Result "0-1"]
[WhiteTitle "GM"]
[BlackTitle "GM"]
[WhiteElo "2554"]
[BlackElo "2658"]
[WhiteFideId "12500739"]
[BlackFideId "4151348"]
[EventDate "2013.06.09"]

1. e4 d6 2. d4 Nf6 3. Nc3 g6 4. g3 Bg7 5. Bg2 O-O 6. Nge2 e5 7. h3 c6 8. a4 a5
9. O-O Na6 10. Be3 Nb4 11. Qd2 Be6 12. Rad1 Re8 13. b3 Qe7 14. f4 exf4 15. Bxf4
d5 16. e5 Nd7 17. Bg5 Qf8 18. Nb1 h6 19. Be3 Kh7 20. c3 Na6 21. Nf4 Qe7 22. g4
Nc7 23. Qd3 Kg8 24. Nd2 b5 25. Nf3 bxa4 26. bxa4 Nb6 27. Qc2 Nc4 28. Bc1 Bd7 29.
Rf2 Rab8 30. Bf1 Ne6 31. Nxe6 Bxe6 32. Bd3 c5 33. Rdf1 cxd4 34. cxd4 Rec8 35.
Qe2 Rb3 36. Ne1 Nb6 37. Ng2 Rcc3 38. Nf4 Nxa4 39. Bd2 Rc7 40. Bxa5 Ra7 41. Bd2
Nb6 42. Bc2 Rb2 43. Bc3 0-1